Regional economic outlook western hemisphere
Salvato in:
| Natura: | Libro |
|---|---|
| Lingua: | inglese |
| Pubblicazione: |
Washington, D.C.
International Monetary Fund
2012
|
| Serie: | World economic and financial surveys
0258-7440 |
| Soggetti: | |
| Tags: |
Nessun Tag, puoi essere il primo ad aggiungerne!!
|
MARC
| LEADER | 00000nam a2200000 4500 | ||
|---|---|---|---|
| 001 | 0155329 | ||
| 005 | 20240315115629.2 | ||
| 020 | |a 978-1-61635-253-0 | ||
| 041 | 0 | |a eng | |
| 044 | |a US | ||
| 245 | 1 | 0 | |a Regional economic outlook |b western hemisphere |
| 264 | 1 | |a Washington, D.C. |b International Monetary Fund |c 2012 | |
| 300 | |a 61 s. | ||
| 490 | 1 | |a World economic and financial surveys |v 0258-7440 | |
| 830 | 0 | |a World economic and financial surveys |v 0258-7440 | |
| 610 | 2 | 0 | |a politika hospodárska |
| 610 | 2 | 0 | |a prognózy hospodárske |
| 610 | 2 | 0 | |a politika fiškálna |
| 610 | 2 | 0 | |a kríza finančná |
| 610 | 2 | 0 | |a dôsledky sociálne |
| 610 | 2 | 0 | |a politika bytová |
| 610 | 2 | 0 | |a USA |
| 610 | 2 | 0 | |a Kanada |
| 610 | 2 | 0 | |a Latinská Amerika |
| 610 | 2 | 0 | |a Južná Amerika |
| 610 | 2 | 0 | |a Karibská oblasť |
| 610 | 2 | 0 | |a Mexiko |
| 610 | 2 | 0 | |a Stredná Amerika |